00399 2200169 4500245003300000020001800033250001100051100001700062700002200079650002000101005001900121260003900140041001400179084000800193300001900201336000900220 aOh, BabycMoemoe RizalhText a979-780-269-8 aCet. 1 aMoemoe Rizal aWidyawati Oktavia aNovel Indonesia a20240925145821 aJakarta SelatanbGagas Mediac2008 aIndonesia a813 a236hlm :c19cm atext